000 01596cam a2200337 a 4500
005 20180803165107.0
008 040527s2003 ck abdo r f000 0 spa d
020 _a9589723535
040 _aCO-BoPUJ
_cCO-BoIAVH
_dCO-BoIAVH
041 0 _aspa
044 _ack
082 0 4 _a631.523
_bV29b
100 1 _aVargas Ávila, Guillermo
245 1 4 _aLos bancos de germoplasma
_buna estrategia para la conservación, generación de conocimiento y uso sostenible de los recursos vegetales amazónicos
_cGuillermo Vargas Ávila
250 _aPrimera edición
260 _aSan José del Guaviare :
_bInstituto Amazónico de Investigaciones Científicas ;
_c2003.
300 _a91 páginas :
_bilustraciones, fotos, mapas y tablas
_c24 x 17 cm.
504 _aIncluye referencias bibliográficas (páginas 81-84) e índice.
650 2 6 _aGermoplasma
_zAmazonas (Colombia)
650 2 4 _aGenética vegetal
_zAmazonas (Colombia)
650 2 6 _aReforestación
_zAmazonas (Colombia)
650 2 4 _aTaxonomía vegetal
650 2 6 _aÁrboles frutales
_zAmazonas (Colombia)
650 2 6 _aÁrboles maderables
_zAmazonas (Colombia)
650 2 6 _aSemillas
_zAmazonas (Colombia)
650 2 4 _aBancos de germoplasma vegetal
_zAmazonas (Colombia)
710 1 _aColombia
_b, Ministerio del Medio Ambiente, Vivienda y Desarrollo Territorial
710 2 _aColombia
_b, Presidencia de la República
_b, Plan Nacional de Desarrollo Alternativo
710 2 _aDepartamento del Guaviare
_b, Gobernación del Guaviare
942 _2ddc
_cLIBRO
999 _c3494
_d3494